Data analysis using regression and multilevel/hierarchical models

Saved in:
Bibliographic Details
Main Author: Gelman, Andrew
Other Authors: Hill, Jennifer 1969-
Format: Book
Language:English
Published: Cambridge ; New York : Cambridge University Press, 2007
Series:Analytical methods for social research
Subjects:
Tags: Add Tag
No Tags, Be the first to tag this record!

MARC

LEADER 00000nam a2200000 i 4500
001 1/53849
008 070904s2007 eng d
020 |a 978-0-521-86706-1 (hbk.) 
020 |a 978-0-521-68689-1 (pbk.) 
020 |a 0-521-86706-1 (hbk.) 
020 |a 0-521-68689-X (pbk.) 
035 |l 10090401 
040 |a GR-MY-UA  |b gre  |e aacr 
041 0 |a eng 
082 0 |a 519.536  |2 (22) 
100 1 |a Gelman, Andrew. 
245 1 0 |a Data analysis using regression and multilevel/hierarchical models /  |c Andrew Gelman, Jennifer Hill 
260 |a Cambridge ; New York :   |b Cambridge University Press,   |c 2007 
300 |a xxii, 625 σ.;  |b εικ.;  |c 26 εκ. 
490 1 |a Analytical methods for social research 
504 |a Περιλαμβάνει βιβλιογραφικές παραπομπές (σ. 575-600) και ευρετήρια. 
650 0 0 |a Regression analysis. 
650 0 0 |a Multilevel models (Statistics) 
700 1 |a Hill, Jennifer  |d 1969- 
830 0 |a Analytical methods for social research 
852 |a INST  |b LESVOS  |e 20100317  |h 519.536 GEL  |p 005100046799  |q 005100046799  |t BK  |y 0 
852 |a INST  |b SAMOS  |e 20070904  |h 519.536 GEL  |p 005300028319  |q 005300028319  |t BK  |y 0 
901 |a BIBL3-2007-2 
901 |a BIBL1-2010-1 
909 |a Σ  |b 138227 
909 |a Λ  |b 152253 
922 |a 3ΕΛΗ  |b 200707  |c ΕΠΕΑΕΚ2/ΤΣΑΕ  |d ΠΑΠΑΣΩΤΗΡΙΟΥ 
922 |a 1ΕΛΗ  |b 200803  |c ΕΠΕΑΕΚ2/ΤΓ  |d ΕΛΕΥΘΕΡΟΥΔΑΚΗΣ 
970 |a ΣΙΤΖΙΜΗ  |b ΓΙΑΣΕΜΗ  |z 2007/09/04